| 000 | 01307pam a2200325 a 4500 | ||
|---|---|---|---|
| 001 | ebr5007493 | ||
| 003 | CaPaEBR | ||
| 006 | m u | ||
| 007 | cr cn||||||||| | ||
| 008 | 010226s2000 enk sb 001 0 eng d | ||
| 020 | _z1853028657 | ||
| 020 | _z1853028675 | ||
| 040 |
_aCaPaEBR _cCaPaEBR |
||
| 035 | _a(OCoLC)70750187 | ||
| 050 | 1 | 4 |
_aHV40 _b.B329 2000eb |
| 082 | 0 | 4 |
_a361.3 _221 |
| 100 | 1 |
_aBateman, Neil, _d1955- |
|
| 245 | 1 | 0 |
_aAdvocacy skills for health and social care professionals _h[electronic resource] / _cNeil Bateman. |
| 260 |
_aLondon : _bJ. Kingsley, _c2000. |
||
| 300 | _a185 p. | ||
| 500 | _aPrevious ed.: Advocacy Skills: A handbook for human service professionals, 1995. | ||
| 504 | _aIncludes bibliographical references and indexes. | ||
| 533 |
_aElectronic reproduction. _bPalo Alto, Calif. : _cebrary, _d2013. _nAvailable via World Wide Web. _nAccess may be limited to ebrary affiliated libraries. |
||
| 650 | 0 | _aSocial advocacy. | |
| 650 | 0 | _aPatient advocacy. | |
| 655 | 7 |
_aElectronic books. _2local |
|
| 700 | 1 |
_aBateman, Neil, _d1955- _tAdvocacy Skills: A handbook for human service professionals. |
|
| 710 | 2 | _aebrary, Inc. | |
| 856 | 4 | 0 |
_uhttp://site.ebrary.com/lib/rucke/Doc?id=5007493 _zAn electronic book accessible through the World Wide Web; click to view |
| 999 |
_c5182 _d5182 |
||